000 00543nam a22001577a 4500
003 OSt
005 20151102140024.0
008 151102b xxu||||| |||| 00| 0 eng d
040 _cRUA
082 _aFOR យូ 1991 B116 Or.1
100 _93179
_aយូ កាណវិមាន
245 _aការស្រោចស្រងធនធានព្រៃឈើក្រោយសង្រ្គាមនៅក្នុងខេត្តក្រចេះ
260 _aPhnom Penh
_bRUA
_c1991
300 _a94p.
_bill.
_c29cm.
942 _2ddc
_cFOR
999 _c2967
_d2967